000 00720nam a2200241Ia 4500
003 OSt
005 20220925231235.0
006 a|||||r|||| 00| 0
007 ta
008 220923b |||||||| |||| 00| 0 eng d
037 _cGeneral Book
040 _aRTL
_cRTL
_beng
041 _2eng
_aeng
082 _aY:492.16.M, K9/TD3
100 _aCURTIN Philip D
_918456
245 0 _aAtlantic slave trade
_b A census
260 _aMadison
_bUniversity of Washington Press
_c1969
300 _axix, 338p
_ccm.
500 _aBibliography P 299-311; Appendix P 289-98
650 _aSocial Conflict
942 _hY:492.16.M, K9/TD3
_cGB
_2CC
999 _c587818
_d587818